000 00415nam a2200169Ia 4500
005 20250603150014.0
008 250603s9999 xx 000 0 und d
020 _a978- 1- 59784- 267- 9
050 _aDS 38.4 .U8 A4313/
245 0 _aUthman ibn Affan : bearer of two pure lights
260 _aNew Jersey
260 _bTughra Books
260 _c2011
300 _a85 p
650 _aNew Jersey
942 _cBK
999 _c43486
_d43486